Normal view
MARC view
- Illegitimate children
Entry Topical Term
001 - CONTROL NUMBER
- control field: 27901
003 - CONTROL NUMBER IDENTIFIER
- control field: NUST
005 - DATE AND TIME OF LATEST TRANSACTION
- control field: 20200123111215.0
008 - FIXED-LENGTH DATA ELEMENTS
- fixed length control field: 200123|| aca||aabn | a|a d
040 ## - CATALOGING SOURCE
- Original cataloging agency: NUST
- Transcribing agency: NUST
150 ## - HEADING--TOPICAL TERM
- Topical term or geographic name entry element: Illegitimate children
670 ## - SOURCE DATA FOUND
- Source citation: Work cat.: (NUST): Hardy, Thomas, 1840-1928. 26348, Jude the Obscure :
